| 000 | 00539nam a2200145 4500 | ||
|---|---|---|---|
| 999 |
_c13255 _d13255 |
||
| 008 | 190220b ||||| |||| 00| 0 eng d | ||
| 022 | _a2094-8042 | ||
| 082 | _aDPer 370.105 M72 Jan-Dec 2011 v59-60 | ||
| 100 |
_937049 _aCruz, Elena A. |
||
| 245 |
_aLesson plan in English using DRTA (directed reading thinking activity) grade IV/ _cElena A. Cruz. |
||
| 260 |
_aPhilippines: _bIn the Grade School, Inc., _cc2011. |
||
| 300 |
_av60 n7, pages 296-297: _billustrations; _c27cm. |
||
| 650 |
_aProgrammed instruction. _937051 |
||
| 942 |
_2ddc _cPER |
||